书目信息 |
| 题名: |
气候变化与公共政策研究报告
|
|
| 作者: | 史军 , 戈华清 , 叶芬梅 主编 | |
| 分册: | 2017 | |
| 出版信息: | 北京 气象出版社 2018.06 |
|
| 页数: | 221页 | |
| 开本: | 26cm | |
| 丛书名: | ||
| 单 册: | ||
| 中图分类: | P467 , D523-31 | |
| 科图分类: | ||
| 主题词: | 气候变化--qi hou bian hua--影响--公共政策--研究报告--世界--2017 | |
| 电子资源: | ||
| ISBN: | 978-7-5029-6789-5 | |
| 000 | 01486nam 2200301 450 | |
| 001 | 0100011036 | |
| 005 | 20190905093952.0 | |
| 010 | @a978-7-5029-6789-5@dCNY68.00 | |
| 100 | @a20190904d2018 em y0chiy50 ea | |
| 101 | 0 | @achi |
| 102 | @aCN@b110000 | |
| 105 | @aak a 000yy | |
| 106 | @ar | |
| 200 | 1 | @a气候变化与公共政策研究报告@Aqi hou bian hua yu gong gong zheng ce yan jiu bao gao@h2017@e科学认识雾霾影响, 积极探讨雾霾治理对策@f史军, 戈华清, 叶芬梅主编 |
| 210 | @a北京@c气象出版社@d2018.06 | |
| 215 | @a221页@c图@d26cm | |
| 300 | @a江苏高校优势学科建设工程资助项目 (PAPD) “雾霾监测预警与防控”资助 | |
| 320 | @a有书目 | |
| 330 | @a本书针对“科学认识雾霾影响, 积极探讨雾霾治理对策”的主题, 结合典型区域, 如长三角地区、京津冀地区、北京市、南京市等区域2017年的时空格局、社会影响、监测数据等, 对其雾霾综合风险进行评估, 并提出综合性对策建议。这些研究对于我们弄清楚雾霾问题的产生原因、社会影响等有重要的参考意义, 在一定程度上解决了雾霾治理的路径选择, 为我国雾霾治理方向及模式的选择提供了重要参考, 为雾霾问题的研究提供了新的视野。 | |
| 517 | 1 | @a科学认识雾霾影响, 积极探讨雾霾治理对策@Ake xue ren shi wu mai ying xiang , ji ji tan tao wu mai zhi li dui ce |
| 606 | 0 | @a气候变化@Aqi hou bian hua@x影响@x公共政策@x研究报告@y世界@z2017 |
| 690 | @aP467@v5 | |
| 690 | @aD523-31@v5 | |
| 701 | 0 | @a史军@Ashi jun@4主编 |
| 701 | 0 | @a戈华清@Age hua qing@4主编 |
| 701 | 0 | @a叶芬梅@Aye fen mei@4主编 |
| 801 | 0 | @aCN@c20190905 |
| 905 | @a河南城建学院图书馆@dP467@eS578:2017 | |
| 气候变化与公共政策研究报告.2017:科学认识雾霾影响, 积极探讨雾霾治理对策/史军, 戈华清, 叶芬梅主编.-北京:气象出版社,2018.06 |
| 221页:图;26cm |
| 江苏高校优势学科建设工程资助项目 (PAPD) “雾霾监测预警与防控”资助 |
| ISBN 978-7-5029-6789-5:CNY68.00 |
| 本书针对“科学认识雾霾影响, 积极探讨雾霾治理对策”的主题, 结合典型区域, 如长三角地区、京津冀地区、北京市、南京市等区域2017年的时空格局、社会影响、监测数据等, 对其雾霾综合风险进行评估, 并提出综合性对策建议。这些研究对于我们弄清楚雾霾问题的产生原因、社会影响等有重要的参考意义, 在一定程度上解决了雾霾治理的路径选择, 为我国雾霾治理方向及模式的选择提供了重要参考, 为雾霾问题的研究提供了新的视野。 |
| ● |
| 相关链接 |
|
|
|
正题名:气候变化与公共政策研究报告
索取号:P467/S578:2017
 
预约/预借
| 序号 | 登录号 | 条形码 | 馆藏地/架位号 | 状态 | 备注 |
| 1 | 1439371 | 214393716 | 自科库401/401自科库 128排2列3层/ [索取号:P467/S578:2017] | 在馆 | |
| 2 | 1439372 | 214393725 | 期刊室512/401自科库 122排2列6层/ [索取号:P467/S578:2017] | 在馆 |